| 000 | 00374nam a22001457a 4500 | ||
|---|---|---|---|
| 999 |
_c14802 _d14802 |
||
| 020 | _a9788183602075 | ||
| 082 |
_a664 _bKRi/OB |
||
| 100 |
_aKrishnakumar, T _92018 |
||
| 245 | _aObjective questions in food process engineering | ||
| 260 |
_aNew Delhi _bJain Brothers _c2014 |
||
| 300 | _a198p | ||
| 700 |
_aThirupathi,V _92019 |
||
| 700 |
_aPandiselvam, R _91995 |
||
| 942 | _cBK | ||